Bundesländer - Einwohnervergleich - Statistiken

Allgemein
  • Dieses Quiz wurde 132 mal gespielt
  • Das Durchschnittsergebnis liegt bei 5 aus 14
Antwortstatistiken
Frage Antwort % Korrekt
Baden-Württemberg Kuba
58%
Nordrhein-Westfalen Niederlande
51%
Hamburg Nordirland (GB)
44%
Thüringen / Sachsen-Anhalt Manaus (Brasilien)
42%
Bayern Pennsylvania (USA)
40%
Mecklenburg-Vorpommern Kanton Zürich (Schweiz)
38%
Brandenburg Brisbane (Australien)
36%
Hessen Nicaragua
29%
Saarland Bundesstaat Delaware (USA)
27%
Sachsen / Rheinland-Pfalz Oklahoma (USA)
27%
Niedersachsen Bogotá (Kolumbien
24%
Schleswig-Holstein Kiew
22%
Bremen Salomonen
22%
Berlin Uruguay
20%
Keine übereinstimmenden Quizze gefunden
Verteilung der Resultate
Anzahl Personen mit jedem Resultat
Perzentil nach korrekt beantworteten Fragen
Ihre Resultats-Entwicklung
Sie haben dieses Quiz noch nicht gespielt